00396nam a22001457a 4500003000400000008004100004020001800045082001500063100004000078245005300118250001300171260004400184300001100228650001100239OSt241023b |||||||| |||| 00| 0 eng d a9781452115351 a746.92 EIP aEISEMAN, Leatrice and CUTLER, E. P. aPantone on Fashion: A Century of Color in Design a1st. ed. aSan Francisco,bChronicle Books,c2014, a127 p. aB.FAD.